000
00270nam a2200097Ia 4500
001
1251145
005
20251031150910.0
008
251031s9999 xx 000 0 und d
245
0
_c
RABİA SAKARTEPE
_a
I-3 SADE YAŞAM İÇİN KÜÇÜK BİR ADIM
260
_b
CEZVE YAYINLARI
999
_c
1251145
_d
1251145